000 00193 a2200097 4500
001 2860
100 _aWordsworth
245 _aPoetry & prose
260 _a
_bClarendon
_c
090 _c2155
_d2155
942 _aNUST-CAE
_cM
_c12836
999 _c237933
_d237933